The Essential Ambedkar/ (Record no. 205814)

MARC details
000 -LEADER
fixed length control field 00567nam a22001817a 4500
005 - DATE AND TIME OF LATEST TRANSACTION
control field 20240917143214.0
010 ## - LCCN (DPL NO)
LC control number ENG-141747
020 ## - INTERNATIONAL STANDARD BOOK NUMBER
Terms of availability 395.00
International Standard Book Number 9788129135070
035 ## - SYSTEM CONTROL NUMBER
System control number EN-125279
037 ## - SOURCE OF ACQUISITION
Source of stock number/acquisition DBAD
082 ## - DEWEY DECIMAL CLASSIFICATION NUMBER
Classification number 920
245 ## - TITLE STATEMENT
Title The Essential Ambedkar/
Statement of responsibility, etc Edited by Balchandra Mungekar
Medium English
260 ## - PUBLICATION, DISTRIBUTION, ETC. (IMPRINT)
Place of publication, distribution, etc New Delhi
Name of publisher, distributor, etc Rupa Publications India Pvt. Ltd
Date of publication, distribution, etc 2017
270 ## - ADDRESS
City New Delhi
Address 7/16, Ansari Nagar, Daryaganj
Postal code 110002
300 ## - PHYSICAL DESCRIPTION
Extent 440p.
Dimensions 23cm(pbk)
700 ## - ADDED ENTRY--PERSONAL NAME
Personal name Mungekar,Bhalchandra
Relator term Editor
9 (RLIN) 71719
942 ## - ADDED ENTRY ELEMENTS (KOHA)
Source of classification or shelving scheme Dewey Decimal Classification
Item type English Books
Classification part 920
Edition 1
Holdings
Withdrawn status Lost status Not for loan Collection code Home library Current library Date acquired Source of acquisition Cost, normal purchase price Full call number Barcode Copy number Cost, replacement price Koha item type
      Non-fiction Shahdara Branch Shahdara Branch 17/09/2024 DBAD 395.00 920 ESS EN-125279 1 395.00 English Books

© Delhi Public Library
Hit Counter
free hit counter